| 000 | 00366nam a2200133Ia 4500 | ||
|---|---|---|---|
| 008 | 201002s9999 xx 000 0 und d | ||
| 020 | _a978-043-190-756-7 | ||
| 100 | _aFix, Alexandra | ||
| 245 |
_cAlexandra Fix _aMetal/ |
||
| 260 |
_aLondon: _bPearson Education Ltd. _c2008 |
||
| 300 |
_a32 pages _c22 cm. |
||
| 650 | _aMetal products | ||
| 650 | _aWaste minimization | ||
| 999 |
_c364686 _d364686 |
||